000 00470nam a2200205Ia 4500
003 0100
008 130303s9999 xx 000 0 und d
020 _a1567311504
040 _cARRUPELIB
050 _aBF173 J6623 1983
100 _aStorr, Anthony(ed)
245 4 _aThe essential jung
260 _aNew York
260 _bMJF books
260 _C1983
300 _a447p.
300 _b22cm.
650 _bEncyclopedias and dictionaries
942 _2lcc
_01
999 _c67041
_d67041